| 000 | 02533cam0 2200409 ib4500 | ||
|---|---|---|---|
| 001 | BY-NLB-br499268 | ||
| 005 | 20260319112023.0 | ||
| 010 |
^a985-06-0674-6 ^d9370 р. |
||
| 035 | ^a(BY-MI0004)BY-NLB-br499268 | ||
| 100 | ^a20030730d2003 u y0bely50 ca | ||
| 101 | 0 | ^abel | |
| 102 | ^aBY | ||
| 105 | ^ay j 000yy | ||
| 109 | ^aga | ||
| 200 | 1 |
^aБеларуская дзіцячая літаратура ^eхрэстаматыя ^eвучэбны дапаможнік для навучэнцаў педагагічных каледжаў і вучылішчаў ^fскладальнікі: М. Б. Яфімава, В. М. Ляшук |
|
| 205 | ^a2-е выд., перапрацаванае і дапоўненае | ||
| 210 |
^aМінск ^cВышэйшая школа ^d2003 |
||
| 215 |
^a637 с. ^d21 см |
||
| 327 | 0 | ^aЗмест: аўтары: Э. Агняцвет, А. Александровіч, Ф. Аляхновіч, Л. Арабей, М. Багдановіч, Ф. Багушэвіч, А. Бадак, Р. Барадулін, Д. Бічэль, Я. Брыль і інш. | |
| 345 | ^93000 экз. | ||
| 606 | 0 |
^3BY-NLB-ar3723 ^aБЕЛОРУССКАЯ ЛИТЕРАТУРА ^2DVNLB |
|
| 606 | 0 |
^3BY-NLB-ar3724 ^aБЕЛАРУСКАЯ ЛІТАРАТУРА ^2DVNLB |
|
| 608 |
^3BY-NLB-ar9019 ^aДЕТСКАЯ И ЮНОШЕСКАЯ ЛИТЕРАТУРА (художеств. произведение) ^2BYGNR |
||
| 608 |
^3BY-NLB-ar37101 ^aХРЕСТОМАТИЯ ^2BYGNR |
||
| 608 |
^3BY-NLB-ar9020 ^aДЗІЦЯЧАЯ І ЮНАЦКАЯ ЛІТАРАТУРА (мастацкі твор) ^2BYGNR |
||
| 608 |
^3BY-NLB-ar37102 ^aХРЭСТАМАТЫЯ ^2BYGNR |
||
| 608 |
^3BY-NLB-ar2286688 ^aНАВУЧАЛЬНЫ ДАПАМОЖНІК ДЛЯ ССНУ ^2BYGNR |
||
| 615 |
^3BY-SEK-ar1826174 ^aБелорусский национальный документ |
||
| 686 |
^a83.3(4Беі) ^2rubbk |
||
| 690 |
^a1 ^2Base ^9BY-MI0004 ^xRSEK |
||
| 702 | 1 |
^3BY-SEK-256321 ^aЯфімава ^bМ. Б. ^gМаргарыта Барысаўна ^cкандыдат філалагічных навук, літаратуразнавец ^f1927-2015 ^4220 |
|
| 702 | 1 |
^3BY-SEK-292717 ^aЛяшук ^bВ. М. ^gВікторыя Марленаўна ^cкандыдат філалагічных навук, мовазнавец ^fнар. 1963 ^4220 |
|
| 801 | 0 |
^aBY ^bBY-HM0000 ^c20030730 ^gpsbo |
|
| 801 | 2 |
^aBY ^bBY-MI0004 ^c20030730 ^gRCR |
|
| 899 |
^aBY-MI0004 ^h83.3(4Беі) ^iБ 43 |
||